01775nam a2200229Ia 4500001098900000002005000989008003701039010001101076530002201087650002701109650002701136650004501163650003201208650005501240650003301295700004401328700003701372700004801409700005001457942001901507999001901526IA_The methodology was proposed by the Bank of Mexico through Trusts in Relation to Agriculture (FIRA, 2002), which comprises the following aspects: diagnosis of the area, and raw materials market, social and administrative organization, social and administrative evaluation , technical and engineering studies, financial analysis and environmental impact assessment. For this project, we found a required investment of 3, 257,482.62 and after analyzing its behavior in a 10-year horizon, the financial indicators were: an Internal Rate of Return (IRR) of 69.29% with a Net Present Value (NPV) 15, 986,201.6 and a benefit cost (B / C) 2.37. It was determined through a sensitivity analysis that even if total costs increase or to decrease total revenue by 5, 10 and 15%, the value of the IRR and NPV in project evaluation are still acceptable. Finally concluded that the installation and commissioning of this project is technically, economically, socially and environmentally feasible.ANALISIS ECONOMICO PARA EL ESTABLECIMIENTO DE UNA220117s xx 000 0 und d a184127 aDisponible en PDF aCoffee beans 9156418 aEdible fungi 9155438 0aEntrepreneurshipzMexicozPuebla9155122 aHongos comestibles 956124 0aIniciativa empresarialzMéxicozPuebla 9155168 aSemillas de café 9156419 aAsencio Rivera, Rogelio, asesor91636871 aPonce Hernández, Pedro9147918 aSzymanski Duque, Guadalupe, asesor 9163688 aZenteno Cruz, Cristal Natali, coaut. 9156422 cTESIS G84 2010 c184127d184127